000
00307nam a2200121Ia 4500
008
231129s2003||||xx |||||||||||||| ||spa||
082
_a
ER- 418
100
_a
Muquitay Carlos. Seudónimo
245
0
_a
Noches del poeta loco. Poemas
260
_c
2003
264
_a
[s.l.]: [s.no.] 2003
942
_2
ddc
_c
BKS
999
_c
21743
_d
21743